Paso del hombre / (Record no. 28453)

MARC details
000 -LEADER
campo de control de longitud fija 00566nam a2200181 i 4500
001 - NÚMERO DE CONTROL
campo de control 28453
003 - IDENTIFICADOR DE NÚMERO DE CONTROL
campo de control ES-MaACL
007 - CAMPO FIJO DE DESCRIPCIÓN FÍSICA--INFORMACIÓN GENERAL
campo de control de longitud fija t|
008 - DATOS DE LONGITUD FIJA--INFORMACIÓN GENERAL
campo de control de longitud fija 030117s1963 sp ||||1| spa d
100 1# - ENTRADA PRINCIPAL--NOMBRE DE PERSONA
Nombre de persona Baena, Antonio Luis.
9 (RLIN) 24581
245 10 - MENCIÓN DEL TÍTULO
Título Paso del hombre /
Mención de responsabilidad, etc. Antonio Luis Baena.
260 ## - PUBLICACIÓN, DISTRIBUCIÓN, ETC.
Lugar de publicación, distribución, etc. Jerez de la Frontera :
Nombre del editor, distribuidor, etc. [s.n.,
Fecha de publicación, distribución, etc. 1963] (
Fabricante Imp. Avila)
300 ## - DESCRIPCIÓN FÍSICA
Extensión 44 p. ;
Dimensiones 19 cm.
490 1# - MENCIÓN DE SERIE
Mención de serie La Venencia. Grupo Atalaya de Poesía ;
Designación de volumen o secuencia 6
830 0# - PUNTO DE ACCESO ADICIONAL DE SERIE-TÍTULO UNIFORME
Título uniforme La Venencia. Grupo Atalaya de Poesía ;
Designación de volumen o secuencia 6
9 (RLIN) 181980
852 ## - LOCALIZACIÓN
Ubicación ES-MaACL
Número de control de estantería E-5119
Sublocalización o colección R.53102
Holdings
Estatus retirado Estado de pérdida Estado de daño No para préstamo Biblioteca de origen Biblioteca actual Ubicación en estantería Fecha de adquisición Fuente de adquisición Total de préstamos Signatura topográfica completa Código de barras Visto por última vez Precio de reemplazo Tipo de ítem Koha
        Biblioteca del Ateneo de Madrid Biblioteca del Ateneo de Madrid Depósito 2 17/01/2008     E-5119 1029374 23/02/2023 23/02/2023 Libro impreso